| 000 | 01116nam a2200265Ia 4500 | ||
|---|---|---|---|
| 003 | OSt | ||
| 005 | 20220923211406.0 | ||
| 006 | a|||||r|||| 00| 0 | ||
| 007 | ta | ||
| 008 | 220922b |||||||| |||| 00| 0 hin d | ||
| 020 |
_a9788189859473 (hbk) _c750 |
||
| 024 | _a290,112 | ||
| 037 |
_bBL185, 09/03/2016, K. K. Publications _cTextual |
||
| 040 |
_aARTS _cARTS _bhin |
||
| 041 |
_2hin _ahin |
||
| 082 | _aO152,6N06x, Q1 | ||
| 100 |
_aद्विवेदी, हजारी प्रसाद; द्विवेदी, मुकुंद, संपा. _9160362 |
||
| 245 | 0 | _aअब कछु कहिबे नाहिं | |
| 246 | _aAb kachhu kahibe nāhian | ||
| 260 |
_aनयी दिल्ली _b किताबघर प्रकाशन _c2011 |
||
| 300 |
_a512पृ. _ccm. |
||
| 650 |
_aहिन्दी साहित्य _9156264 |
||
| 942 |
_hO152,6N06x, Q1 _cTEXL _2CC |
||
| 999 |
_c299025 _d299025 |
||